000 00640nam a2200217Ia 4500
005 20260429112154.0
008 260429s9999||||xx |||||||||||||| ||und||
020 _a9781544353128
041 _aEnglish
082 _a658
_bCAT
100 _aCatsambas, Tessie Tzavaras
245 0 _aEvaluation management :
_bhow to commission and conduct evaluation that matter /
_cTessie Tzavaras Catsambas
250 _a1st ed.
260 _aCalifornia :
_bSage,
_c2025.
300 _axix, 164 p.; pbk
650 _a Data collection and analysis
650 _a Evaluation
650 _aManagement
700 _a Davidson, E. Jane
942 _cTB
999 _c52714
_d52714